| 000 | 00992nam a22003137a 4500 | ||
|---|---|---|---|
| 001 | BR2024003094 | ||
| 003 | BR-BrBNA | ||
| 005 | 20241025145526.0 | ||
| 008 | 241025b bl.||||| |||| 00| 0 por d | ||
| 020 | _a978-85-225-1293-5 | ||
| 040 |
_aBR-BrBNA _bpor |
||
| 041 | _apor | ||
| 072 | _aJ10 ; E71 ; D50 | ||
| 090 | _aJ10 BR2024003094 | ||
| 100 | 0 | _aDias, Eduardo Mario (org.) | |
| 100 | 0 | _aScoton, Maria Lídia Rebello Pinho Dias (org.) | |
| 245 |
_aPortos e comércio exterior: cenário atual e aspectos jurídicos, ambientais e de saúde _bSérie Automação |
||
| 260 |
_aRio de Janeiro, RJ (Brasil) _bFGV _c2016 |
||
| 300 | _a228 p. | ||
| 500 | _aBibliography p. 199-218 (187 ref.); Summary (por); 3 illus.; 8 tables; 2 graphs | ||
| 650 | _aPORTO | ||
| 650 | _aTRANSPORTE MARÍTIMO | ||
| 650 | _aCOMÉRCIO EXTERIOR | ||
| 650 | _aLEGISLAÇÃO | ||
| 650 | _aDESENVOLVIMENTO SUSTENTÁVEL | ||
| 650 | _aSAÚDE PÚBLICA | ||
| 909 |
_a202410 _bFernando |
||
| 942 | _cBK | ||
| 999 |
_c328300 _d328300 |
||